00618cam a22002171 4500001001300000003000400013005001700017008004100034010001700075035002000092040002000112042001200132043001200144050002300156100002600179245008300205260004600288300002000334440002900354999001700383sa 64007942 DLC20260227112051.0850416s1960 io f000 0 ind  asa 64007942  a(OCoLC)11926989 aDLCcIDeKNdDLC apremarc aa-io---00aDS644b.2 1960.S990 aSoekarno,d1901-1970.10aTjeramah Soekarno kepada peladjar-peladjar di Surakarta tanggal 26 Djuli 1960. aDjakarta :bDepartemen Penerangan,c1960? a30 p. ;c23 cm. 0aPenerbitan chusus ;v137 c60603d60603